[Event "DEM U18 2013"]
[Site "Oberhof GER"]
[Date "2013.05.20"]
[Round "3"]
[White "Mundorf, Johannes"]
[Black "Holle, Cedric"]
[Result "1-0"]
[Termination "normal"]
[Board "13"]
[WhiteElo "2216"]
[BlackElo "1890"]
[PlyCount "37"]
[WhiteFideId "24672491"]
[BlackFideId "24692158"]
[EventCountry "GER"]
[EventRounds "9"]
[EventType "swiss"]
[EventDate "2013.05.18"]

1. Nf3 d5 2. g3 c6 3. Bg2 e6 4. O-O Nd7 5. c4 Ngf6 6. d4 Bd6 7. Nfd2 O-O 8. Nc3
Re8 9. e4 dxe4 10. Ndxe4 Be7 11. b3 e5 12. d5 cxd5 13. Nxd5 Nxd5 14. Qxd5 Nf6
15. Qxd8 Bxd8 16. Nd6 Re7 17. Ba3 Rc7 18. Nxc8 Raxc8 19. Bd6 1-0

[Event "DEM U18 2013"]
[Site "Oberhof GER"]
[Date "2013.05.20"]
[Round "3"]
[White "Ehret, Thomas"]
[Black "Sieber, Martin"]
[Result "1/2-1/2"]
[Termination "normal"]
[Board "14"]
[WhiteElo "2030"]
[BlackElo "1865"]
[PlyCount "116"]
[WhiteFideId "12939587"]
[BlackFideId "4649060"]
[EventCountry "GER"]
[EventRounds "9"]
[EventType "swiss"]
[EventDate "2013.05.18"]

1. e4 e6 2. d4 d5 3. Nd2 Nf6 4. e5 Nfd7 5. c3 c5 6. Bd3 b6 7. Ngf3 Ba6 8. Bxa6
Nxa6 9. c4 Nc7 10. O-O cxd4 11. cxd5 Nxd5 12. Nb3 Bc5 13. Nbxd4 O-O 14. Bg5 Qc7
15. Re1 h6 16. Bh4 a6 17. Rc1 Qb7 18. a3 Rac8 19. Qd2 Rc7 20. b4 Bxd4 21. Qxd4
Rfc8 22. Qd2 Rc6 23. Bg3 Qc7 24. Rxc6 Qxc6 25. Nd4 Qc3 26. Qxc3 Rxc3 27. Ra1 b5
28. Kf1 N7b6 29. Ke2 Nc4 30. a4 bxa4 31. Rxa4 Ra3 32. Rxa3 Nxa3 33. Nc6 Nc2 34.
Kd3 Ncxb4+ 35. Nxb4 Nxb4+ 36. Kc4 Nd5 37. Kb3 Kf8 38. Ka4 Ke8 39. Ka5 Nc7 40.
Kb6 Kd7 41. f3 Nd5+ 42. Kxa6 Kc6 43. Bf2 Nb4+ 44. Ka5 Nd3 45. Bd4 Kd5 46. Bc3
Kc4 47. Bd2 Nxe5 48. Kb6 Kd3 49. Bf4 Nc4+ 50. Kc5 e5 51. Bg3 f6 52. Kd5 Ne3+
53. Ke6 Nxg2 54. Kf7 Ne3 55. Kxg7 Nf5+ 56. Kxf6 Nxg3 57. Kxe5 Nh5 58. Kf5 Ke3
1/2-1/2

[Event "DEM U18 2013"]
[Site "Oberhof GER"]
[Date "2013.05.21"]
[Round "4"]
[White "Moritz, Aron"]
[Black "Carow, Johannes"]
[Result "1/2-1/2"]
[Termination "normal"]
[Board "1"]
[WhiteElo "2192"]
[BlackElo "2352"]
[PlyCount "118"]
[WhiteFideId "24672319"]
[BlackFideId "24692050"]
[EventCountry "GER"]
[EventRounds "9"]
[EventType "swiss"]
[EventDate "2013.05.18"]

1. e4 c5 2. Nf3 Nc6 3. d4 cxd4 4. Nxd4 Qb6 5. Nb3 Nf6 6. Nc3 e6 7. Be3 Qc7 8.
a3 a6 9. f4 d6 10. Bd3 b5 11. Qf3 Bb7 12. g4 d5 13. O-O b4 14. axb4 Bxb4 15.
exd5 Ne7 16. Bd4 Nexd5 17. Nxd5 Bxd5 18. Qe2 Bxb3 19. cxb3 Bc5 20. Qe3 Nxg4 21.
Bb5+ Kd8 22. Qd3 Ke7 23. Rfc1 Bxd4+ 24. Qxd4 Qa7 25. Qxa7+ Rxa7 26. Rxa6 Rxa6
27. Bxa6 Rb8 28. Rc3 Rb6 29. Bc4 Nf6 30. Kg2 Ne4 31. Rc2 Nc5 32. Rc3 Nb7 33.
Bd3 Na5 34. Bc2 Nc6 35. Kf2 Nd4 36. Bd1 g6 37. Ke3 Nf5+ 38. Kf2 Rd6 39. Ke1 Rb6
40. Be2 Nd6 41. Kd1 Rb4 42. Bc4 Nxc4 43. Rxc4 Rxb3 44. Kc2 Rh3 45. b4 Rxh2+ 46.
Kb3 Rh1 47. b5 Rb1+ 48. Ka4 h5 49. Ka5 h4 50. b6 h3 51. Rc2 Rh1 52. Ka6 f6 53.
Rb2 h2 54. Ra2 g5 55. fxg5 fxg5 56. b7 Rb1 57. Rxh2 Kf6 58. Ka7 g4 59. b8=Q
Rxb8 1/2-1/2

[Event "DEM U18 2013"]
[Site "Oberhof GER"]
[Date "2013.05.21"]
[Round "4"]
[White "Noe, Christopher"]
[Black "Neef, Maximilian"]
[Result "1/2-1/2"]
[Termination "normal"]
[Board "2"]
[WhiteElo "2231"]
[BlackElo "2243"]
[PlyCount "41"]
[WhiteFideId "24692018"]
[BlackFideId "24692085"]
[EventCountry "GER"]
[EventRounds "9"]
[EventType "swiss"]
[EventDate "2013.05.18"]

1. d4 Nf6 2. Nf3 g6 3. Bf4 Bg7 4. h3 O-O 5. e3 d6 6. Be2 Nfd7 7. O-O Nc6 8. c4
e5 9. Bh2 exd4 10. exd4 Qf6 11. Nc3 Nxd4 12. Nxd4 Qxd4 13. Qxd4 Bxd4 14. Nd5 c6
15. Ne7+ Kg7 16. Bxd6 Re8 17. Bf3 Ne5 18. Bxe5+ Bxe5 19. Nxc8 Raxc8 20. Rad1
Rcd8 21. b4 1/2-1/2

[Event "DEM U18 2013"]
[Site "Oberhof GER"]
[Date "2013.05.21"]
[Round "4"]
[White "Schreiner, Till"]
[Black "Möhn, Hans"]
[Result "1-0"]
[Termination "normal"]
[Board "3"]
[WhiteElo "2280"]
[BlackElo "2160"]
[PlyCount "119"]
[WhiteFideId "24675555"]
[BlackFideId "24647837"]
[EventCountry "GER"]
[EventRounds "9"]
[EventType "swiss"]
[EventDate "2013.05.18"]

1. d4 Nf6 2. c4 g6 3. Nf3 Bg7 4. g3 O-O 5. Bg2 d6 6. O-O Nc6 7. Nc3 a6 8. h3
Bd7 9. e4 e5 10. d5 Nd4 11. Nxd4 exd4 12. Qxd4 Qc8 13. Qd3 Bxh3 14. Bf4 Bxg2
15. Kxg2 Nh5 16. Be3 Qg4 17. Ne2 Rae8 18. f3 Qc8 19. Nd4 c5 20. dxc6 bxc6 21.
Rad1 Rd8 22. Bg5 Rd7 23. g4 Nf6 24. Rh1 Rb7 25. b3 Nd7 26. Bf4 Ne5 27. Qe3 c5
28. Ne2 Qe6 29. Bxe5 Bxe5 30. Nf4 Qf6 31. Nd5 Qg7 32. g5 f6 33. gxf6 Bxf6 34.
Rh3 Rbf7 35. Rdh1 Be5 36. Qg5 Bf4 37. Nxf4 Rxf4 38. Qd5+ Kh8 39. Rxh7+ Qxh7 40.
Rxh7+ Kxh7 41. Qxd6 Rxf3 42. Qxc5 R3f7 43. Qd4 Re7 44. Kg3 Kh6 45. e5 Rfe8 46.
Qh4+ Kg7 47. Qf6+ Kh6 48. Kf4 Re6 49. Qg5+ Kg7 50. Ke4 Rf8 51. Kd5 Ree8 52. c5
Rf5 53. Qe3 Kf7 54. c6 Ke7 55. Qc5+ Kf7 56. Qd6 Rf1 57. e6+ Kg8 58. Kc5 Rf6 59.
c7 Rfxe6 60. Qxe6+ 1-0

[Event "DEM U18 2013"]
[Site "Oberhof GER"]
[Date "2013.05.21"]
[Round "4"]
[White "Göbel, Constantin"]
[Black "Müller, Nick"]
[Result "1/2-1/2"]
[Termination "normal"]
[Board "4"]
[WhiteElo "2245"]
[BlackElo "2082"]
[PlyCount "72"]
[WhiteFideId "24647071"]
[BlackFideId "24692093"]
[EventCountry "GER"]
[EventRounds "9"]
[EventType "swiss"]
[EventDate "2013.05.18"]

1. e4 e5 2. Nf3 Nc6 3. Bb5 a6 4. Ba4 Nf6 5. O-O Be7 6. Re1 b5 7. Bb3 d6 8. c3
O-O 9. h3 Nb8 10. d4 Nbd7 11. Nbd2 Bb7 12. Bc2 Re8 13. Nf1 Bf8 14. Ng3 g6 15.
a4 c5 16. d5 c4 17. Bg5 h6 18. Be3 Nc5 19. Qd2 h5 20. Ra3 Nfd7 21. Rea1 Qc7 22.
Bh6 Be7 23. Bg5 Nb6 24. Bxe7 Qxe7 25. Qh6 Qf8 26. Qg5 Qe7 27. Qxe7 Rxe7 28.
axb5 axb5 29. Rxa8+ Nxa8 30. Ra5 Nc7 31. Nd2 Re8 32. b3 Ba6 33. Ngf1 Rb8 34. b4
Nd7 35. Ne3 Kf8 36. Kf1 Ra8 1/2-1/2

[Event "DEM U18 2013"]
[Site "Oberhof GER"]
[Date "2013.05.21"]
[Round "4"]
[White "Rührmund, Daniel"]
[Black "Friedrich, Wiede"]
[Result "0-1"]
[Termination "normal"]
[Board "5"]
[WhiteElo "2106"]
[BlackElo "2260"]
[PlyCount "42"]
[WhiteFideId "24674583"]
[BlackFideId "24629537"]
[EventCountry "GER"]
[EventRounds "9"]
[EventType "swiss"]
[EventDate "2013.05.18"]

1. e4 c5 2. Nf3 d6 3. d4 cxd4 4. Nxd4 Nf6 5. Nc3 a6 6. Be3 e5 7. Nb3 Be6 8. f4
Be7 9. f5 Bc8 10. Bc4 Qc7 11. Qe2 b5 12. Bd5 Nc6 13. a4 b4 14. Qc4 O-O 15. Qxc6
Nxd5 16. Nxd5 Bh4+ 17. g3 Qxc6 18. gxh4 Qxc2 19. Nd2 Bb7 20. Ne7+ Kh8 21. f6
gxf6 0-1

[Event "DEM U18 2013"]
[Site "Oberhof GER"]
[Date "2013.05.21"]
[Round "4"]
[White "Kügel, Tobias"]
[Black "Powierski, Emil"]
[Result "0-1"]
[Termination "normal"]
[Board "6"]
[WhiteElo "2067"]
[BlackElo "2178"]
[PlyCount "44"]
[WhiteFideId "4636295"]
[BlackFideId "4656199"]
[EventCountry "GER"]
[EventRounds "9"]
[EventType "swiss"]
[EventDate "2013.05.18"]

1. a3 c5 2. c3 g6 3. d4 Bg7 4. Nf3 Nf6 5. g3 b6 6. Bg2 Bb7 7. Qb3 O-O 8. dxc5
Na6 9. cxb6 Nc5 10. Qd1 Qxb6 11. O-O a5 12. b4 Nce4 13. Be3 Qc7 14. Bd4 d6 15.
Nfd2 Nxd2 16. Bxb7 Qxb7 17. Qxd2 e5 18. Be3 d5 19. Bc5 Ne4 20. Qe3 Nxc5 21.
Qxc5 Rfc8 22. Qd6 Ra6 0-1

[Event "DEM U18 2013"]
[Site "Oberhof GER"]
[Date "2013.05.21"]
[Round "4"]
[White "Hacker, Jonas"]
[Black "Miller, Eduard"]
[Result "1-0"]
[Termination "normal"]
[Board "7"]
[WhiteElo "1965"]
[BlackElo "2137"]
[PlyCount "95"]
[WhiteFideId "1270968"]
[BlackFideId "24687022"]
[EventCountry "GER"]
[EventRounds "9"]
[EventType "swiss"]
[EventDate "2013.05.18"]

1. e4 c5 2. Nf3 d6 3. d4 cxd4 4. Nxd4 Nf6 5. Nc3 g6 6. Be3 Bg7 7. f3 a6 8. Qd2
Nbd7 9. g4 b5 10. g5 Nh5 11. a4 bxa4 12. Rxa4 Bb7 13. Nb3 O-O 14. Na5 Qc7 15.
Be2 Nc5 16. Ra2 f5 17. Bxc5 dxc5 18. Nxb7 Qxb7 19. Bc4+ Kh8 20. Bd5 Qc7 21.
Bxa8 Rxa8 22. Ne2 Be5 23. exf5 gxf5 24. Qe3 Kg7 25. Ra4 c4 26. Nd4 Kg6 27. Nxf5
Kxf5 28. Qe4+ Kxg5 29. Qxa8 Qc5 30. Qe4 Nf6 31. f4+ Bxf4 32. h4+ Kg4 33. Qxc4
Qxc4 34. Rxc4 e5 35. Ra4 Nd5 36. c3 Nc7 37. Rg1+ Kf3 38. Rg7 e4 39. Rxc7 Bxc7
40. Rxa6 Bg3+ 41. Kf1 Bxh4 42. Rh6 Bg5 43. Rh3+ Kf4 44. Rxh7 Ke3 45. Ke1 Kd3
46. Rd7+ Kc2 47. Ke2 Bh6 48. Rb7 1-0

[Event "DEM U18 2013"]
[Site "Oberhof GER"]
[Date "2013.05.21"]
[Round "4"]
[White "Neumair, Jerome"]
[Black "Stahnecker, Ludwig"]
[Result "0-1"]
[Termination "normal"]
[Board "8"]
[WhiteElo "2098"]
[BlackElo "2109"]
[PlyCount "56"]
[WhiteFideId "24672637"]
[BlackFideId "24692026"]
[EventCountry "GER"]
[EventRounds "9"]
[EventType "swiss"]
[EventDate "2013.05.18"]

1. d4 Nf6 2. Bg5 d5 3. e3 Bf5 4. Bxf6 exf6 5. c4 Bb4+ 6. Nc3 O-O 7. a3 Bxc3+ 8.
bxc3 c5 9. cxd5 Qa5 10. Qd2 cxd4 11. c4 Qxd2+ 12. Kxd2 dxe3+ 13. Kxe3 Nd7 14.
Nf3 Rfe8+ 15. Kd4 Rac8 16. Nd2 Nc5 17. f3 h5 18. g3 b6 19. h3 Re7 20. g4 hxg4
21. hxg4 Bg6 22. Ra2 Rd8 23. Rh3 Re1 24. a4 Rd1 25. Rb2 Nxa4 26. Ra2 Nc5 27.
Rb2 Re1 28. Kc3 Na4+ 0-1

[Event "DEM U18 2013"]
[Site "Oberhof GER"]
[Date "2013.05.21"]
[Round "4"]
[White "Gibicar, Danijel"]
[Black "Urban, Lars"]
[Result "1-0"]
[Termination "normal"]
[Board "9"]
[WhiteElo "2134"]
[BlackElo "2126"]
[PlyCount "57"]
[WhiteFideId "24660256"]
[BlackFideId "4644034"]
[EventCountry "GER"]
[EventRounds "9"]
[EventType "swiss"]
[EventDate "2013.05.18"]

1. e4 e6 2. d4 d5 3. Nc3 Nf6 4. e5 Nfd7 5. f4 c5 6. Nce2 Nc6 7. c3 Be7 8. Nf3
f6 9. a3 a5 10. g3 fxe5 11. fxe5 O-O 12. Nf4 Qb6 13. Bh3 Nd8 14. O-O cxd4 15.
cxd4 Nb8 16. Nxd5 exd5 17. Bxc8 Nbc6 18. Bh3 Nxd4 19. Be3 N8c6 20. Nxd4 Bc5 21.
Rxf8+ Rxf8 22. Ne6 Bxe3+ 23. Kh1 Rf2 24. Rb1 Nxe5 25. Qxd5 Rd2 26. Rf1 Nf7 27.
Rxf7 Kxf7 28. Ng5+ Kf8 29. Qf7# 1-0

[Event "DEM U18 2013"]
[Site "Oberhof GER"]
[Date "2013.05.21"]
[Round "4"]
[White "Stanau, Guido"]
[Black "Grigorian, Spartak"]
[Result "0-1"]
[Termination "normal"]
[Board "10"]
[WhiteElo "2055"]
[BlackElo "2131"]
[PlyCount "140"]
[WhiteFideId "24692255"]
[BlackFideId "24661490"]
[EventCountry "GER"]
[EventRounds "9"]
[EventType "swiss"]
[EventDate "2013.05.18"]

1. e4 c5 2. Nf3 d6 3. d4 cxd4 4. Nxd4 Nf6 5. Nc3 Nc6 6. Bg5 e6 7. Qd2 Be7 8.
O-O-O a6 9. f3 Bd7 10. g4 h5 11. gxh5 Rxh5 12. f4 Qb6 13. Be2 Rh3 14. Nb3 O-O-O
15. Na4 Qb4 16. Qxb4 Nxb4 17. Nb6+ Kc7 18. Nxd7 Kxd7 19. a3 Nxc2 20. Nc5+ Ke8
21. Bxf6 gxf6 22. Nxb7 Rc8 23. Kb1 Nxa3+ 24. Ka2 Nc2 25. Nxd6+ Bxd6 26. Rxd6
Ke7 27. Rb6 a5 28. e5 Rc7 29. Bb5 fxe5 30. fxe5 Nb4+ 31. Kb1 Re3 32. h4 Rxe5
33. h5 Rcc5 34. Rb7+ Kf8 35. h6 Rh5 36. Rf1 Rcf5 37. Rxf5 exf5 38. Rb8+ Ke7 39.
Rb7+ Kf6 40. Kc1 Rxh6 41. Be8 Rh8 42. Rb6+ Ke7 43. Rb7+ Kf6 44. Rb6+ Kg7 45.
Bd7 Rh1+ 46. Kd2 Rh2+ 47. Kc1 f4 48. Bg4 Rc2+ 49. Kd1 Rxb2 50. Rb5 Nd3 51. Rxa5
Nf2+ 52. Ke1 Nxg4 53. Rg5+ Kf6 54. Rxg4 Kf5 55. Rg7 Ke4 56. Rxf7 Kf3 57. Rg7
Rb1+ 58. Kd2 Kf2 59. Rf7 f3 60. Rg7 Kf1 61. Rg8 f2 62. Rg7 Rb8 63. Rf7 Rd8+ 64.
Kc2 Rd5 65. Rf8 Kg2 66. Rg8+ Kf3 67. Rf8+ Ke3 68. Kc1 Rd4 69. Re8+ Re4 70. Rf8
Ke2 0-1

[Event "DEM U18 2013"]
[Site "Oberhof GER"]
[Date "2013.05.21"]
[Round "4"]
[White "Perestjuk, Marko"]
[Black "Mundorf, Johannes"]
[Result "0-1"]
[Termination "normal"]
[Board "11"]
[WhiteElo "2025"]
[BlackElo "2216"]
[PlyCount "92"]
[WhiteFideId "1270254"]
[BlackFideId "24672491"]
[EventCountry "GER"]
[EventRounds "9"]
[EventType "swiss"]
[EventDate "2013.05.18"]

1. e4 e6 2. d4 d5 3. Nd2 Nc6 4. Ngf3 Nf6 5. e5 Nd7 6. Nb3 a5 7. a4 Be7 8. Bb5
Na7 9. Be2 c5 10. dxc5 Nxc5 11. Nxc5 Bxc5 12. Be3 Bxe3 13. fxe3 Qb6 14. Qd4
Qxd4 15. exd4 Bd7 16. Kd2 Ke7 17. Rhf1 Nc6 18. c3 Be8 19. h3 f6 20. Bd3 Bg6 21.
Rf2 Bxd3 22. Kxd3 fxe5 23. Nxe5 Nxe5+ 24. dxe5 Rhf8 25. Raf1 Rxf2 26. Rxf2 Rc8
27. b3 Rb8 28. Rf4 b6 29. g4 g5 30. Rf6 Rf8 31. Rxf8 Kxf8 32. c4 Ke7 33. Kd4
dxc4 34. Kxc4 Kd7 35. Kb5 Kc7 36. b4 axb4 37. Kxb4 Kb8 38. Kb5 Kb7 39. Kc4 Ka6
40. Kc3 Ka5 41. Kb3 b5 42. axb5 Kxb5 43. Kc3 Kc5 44. Kd3 Kd5 45. Ke2 Kxe5 46.
Ke3 h6 0-1

[Event "DEM U18 2013"]
[Site "Oberhof GER"]
[Date "2013.05.21"]
[Round "4"]
[White "Sieber, Martin"]
[Black "Hebbering, Tom Elliot"]
[Result "0-1"]
[Termination "normal"]
[Board "12"]
[WhiteElo "1865"]
[BlackElo "2002"]
[PlyCount "86"]
[WhiteFideId "4649060"]
[BlackFideId "12901750"]
[EventCountry "GER"]
[EventRounds "9"]
[EventType "swiss"]
[EventDate "2013.05.18"]

1. c4 c5 2. Nc3 Nc6 3. g3 g6 4. Bg2 Bg7 5. Nf3 e6 6. d3 Nge7 7. O-O O-O 8. a3
d5 9. cxd5 exd5 10. Bf4 b6 11. Rc1 h6 12. h4 Be6 13. Qc2 Rc8 14. Qb1 d4 15. Ne4
Nd5 16. Rfe1 Nxf4 17. gxf4 Ne7 18. h5 Bg4 19. hxg6 fxg6 20. e3 Nd5 21. Nh2 Be6
22. Nf1 dxe3 23. fxe3 Nf6 24. Neg3 Ng4 25. d4 cxd4 26. Rxc8 Bxc8 27. Qxg6 Qf6
28. Bd5+ Kh8 29. Qxf6 Nxf6 30. Bc4 Ng4 31. Nh5 dxe3 32. Nxg7 Kxg7 33. Nxe3 Rxf4
34. Bb3 Re4 35. Nc2 Rxe1+ 36. Nxe1 Bb7 37. Nd3 Kf6 38. Kf1 Ba6 39. Ke2 Ne5 40.
Bc2 Bxd3+ 41. Bxd3 Nxd3 42. Kxd3 Ke5 43. Kc4 a6 0-1

[Event "DEM U18 2013"]
[Site "Oberhof GER"]
[Date "2013.05.21"]
[Round "4"]
[White "Holle, Cedric"]
[Black "Giraud, Valerian"]
[Result "1-0"]
[Termination "normal"]
[Board "14"]
[WhiteElo "1890"]
[BlackElo "1977"]
[PlyCount "115"]
[WhiteFideId "24692158"]
[BlackFideId "12920355"]
[EventCountry "GER"]
[EventRounds "9"]
[EventType "swiss"]
[EventDate "2013.05.18"]

1. e4 e6 2. d4 d5 3. Nc3 Bb4 4. e5 c5 5. a3 Bxc3+ 6. bxc3 Ne7 7. Qg4 O-O 8. Bd3
f5 9. exf6 Rxf6 10. Bg5 Rf7 11. Qh5 g6 12. Qd1 Qa5 13. Bd2 c4 14. Be2 Nd7 15.
Nf3 Nc6 16. Ng5 Re7 17. f4 Nf6 18. Bf3 Bd7 19. O-O Rf8 20. Qe2 h6 21. Nh3 Ref7
22. Qe3 Qa4 23. Ra2 Ne7 24. Nf2 Nf5 25. Qe5 Qa6 26. Ng4 Nxg4 27. Bxg4 Ba4 28.
Re1 Re7 29. Rb2 Qc6 30. Re2 Qe8 31. Be1 Qf7 32. Bf3 Bc6 33. Rb1 Qg7 34. g4 Qxe5
35. dxe5 Ng7 36. Kg2 Rxf4 37. Bd2 Rf8 38. Bxh6 Ref7 39. Rf2 d4 40. Rbf1 Rxf3
41. Rxf3 dxc3 42. Kg3 Bxf3 43. Rxf3 Rc8 44. Rf6 Kh7 45. Bxg7 Kxg7 46. Rxe6 Rc7
47. Kf4 b5 48. Kg5 Kh7 49. Rxg6 Rg7 50. Rxg7+ Kxg7 51. Kf4 a5 52. Ke4 b4 53.
axb4 a4 54. Kd4 a3 55. Kxc3 a2 56. Kb2 a1=Q+ 57. Kxa1 c3 58. h4 1-0

[Event "DEM U18 2013"]
[Site "Oberhof GER"]
[Date "2013.05.21"]
[Round "5"]
[White "Carow, Johannes"]
[Black "Neef, Maximilian"]
[Result "1/2-1/2"]
[Termination "normal"]
[Board "1"]
[WhiteElo "2352"]
[BlackElo "2243"]
[PlyCount "85"]
[WhiteFideId "24692050"]
[BlackFideId "24692085"]
[EventCountry "GER"]
[EventRounds "9"]
[EventType "swiss"]
[EventDate "2013.05.18"]

1. d4 Nf6 2. c4 g6 3. Nc3 Bg7 4. e4 d6 5. f3 O-O 6. Be3 a6 7. Nge2 Nbd7 8. Qd2
c5 9. Rd1 b6 10. Nc1 cxd4 11. Bxd4 Bb7 12. Be2 Rc8 13. O-O Re8 14. b4 Qc7 15.
Nb3 e6 16. Rc1 Qb8 17. Rfd1 Rcd8 18. Bf1 Ba8 19. Qf2 Bh6 20. Rc2 Bf4 21. Ne2
Be5 22. Qh4 Bxd4+ 23. Nexd4 Kg7 24. Qf2 Rc8 25. Rdc1 Red8 26. h3 Rc7 27. Qg3
Ne8 28. c5 bxc5 29. bxc5 dxc5 30. Nxc5 Qa7 31. Qf2 Nxc5 32. Rxc5 Rxc5 33. Rxc5
Qb6 34. Nb3 Bb7 35. Ra5 Qc7 36. Qc5 Rd1 37. Qxc7 Nxc7 38. Rc5 Nb5 39. Na5 Nd6
40. Nxb7 Nxb7 41. Rc7 Nd6 42. Ra7 a5 43. Rc7 1/2-1/2

[Event "DEM U18 2013"]
[Site "Oberhof GER"]
[Date "2013.05.21"]
[Round "5"]
[White "Powierski, Emil"]
[Black "Schreiner, Till"]
[Result "1/2-1/2"]
[Termination "normal"]
[Board "2"]
[WhiteElo "2178"]
[BlackElo "2280"]
[PlyCount "52"]
[WhiteFideId "4656199"]
[BlackFideId "24675555"]
[EventCountry "GER"]
[EventRounds "9"]
[EventType "swiss"]
[EventDate "2013.05.18"]

1. e4 c5 2. Nf3 d6 3. d4 cxd4 4. Nxd4 Nf6 5. Nc3 a6 6. Be3 e5 7. Nb3 Be7 8. f3
Be6 9. Qd2 O-O 10. O-O-O a5 11. Qe1 Qc8 12. a4 Nc6 13. Kb1 Nb4 14. g4 Ne8 15.
Qf2 Nc7 16. Bb6 Rd8 17. Nb5 Nxb5 18. Bxb5 Rd7 19. Bxa5 Bxb3 20. Bxb4 Bxa4 21.
Bxd7 Bxd7 22. Bxd6 Bxd6 23. Rxd6 Qc4 24. Rhd1 Qa4 25. Kc1 Qb4 26. Kb1 Qa4
1/2-1/2

[Event "DEM U18 2013"]
[Site "Oberhof GER"]
[Date "2013.05.21"]
[Round "5"]
[White "Friedrich, Wiede"]
[Black "Moritz, Aron"]
[Result "1-0"]
[Termination "normal"]
[Board "3"]
[WhiteElo "2260"]
[BlackElo "2192"]
[PlyCount "61"]
[WhiteFideId "24629537"]
[BlackFideId "24672319"]
[EventCountry "GER"]
[EventRounds "9"]
[EventType "swiss"]
[EventDate "2013.05.18"]

1. e4 c5 2. Nf3 d6 3. d4 cxd4 4. Nxd4 Nf6 5. Nc3 Bd7 6. f3 e5 7. Nb3 Be7 8. Be3
O-O 9. Qd2 Be6 10. O-O-O a5 11. a4 Na6 12. Kb1 Nb4 13. g4 Nd7 14. Qf2 Rc8 15.
h4 d5 16. exd5 Rxc3 17. dxe6 Rxc2 18. Rxd7 Rxf2 19. exf7+ Kh8 20. Rxd8 Rxf1+
21. Rxf1 Bxd8 22. Rd1 b6 23. Rd7 Nc6 24. f4 g6 25. fxe5 Nxe5 26. Rxd8 Rxd8 27.
Bxb6 Rf8 28. Bd4 Rxf7 29. Bxe5+ Kg8 30. Nxa5 Re7 31. Nc4 1-0

[Event "DEM U18 2013"]
[Site "Oberhof GER"]
[Date "2013.05.21"]
[Round "5"]
[White "Müller, Nick"]
[Black "Noe, Christopher"]
[Result "0-1"]
[Termination "normal"]
[Board "4"]
[WhiteElo "2082"]
[BlackElo "2231"]
[PlyCount "100"]
[WhiteFideId "24692093"]
[BlackFideId "24692018"]
[EventCountry "GER"]
[EventRounds "9"]
[EventType "swiss"]
[EventDate "2013.05.18"]

1. Nf3 Nf6 2. g3 b6 3. Bg2 Bb7 4. d4 c5 5. dxc5 bxc5 6. c4 e6 7. Nc3 d6 8. O-O
Be7 9. Qb3 Qc8 10. Rd1 O-O 11. Bf4 Rd8 12. Rd2 Nc6 13. Rad1 Ne8 14. Bg5 f6 15.
Be3 Rb8 16. Qc2 Ba8 17. b3 a6 18. h4 f5 19. Ng5 Nb4 20. Qc1 Bxg2 21. Kxg2 Nf6
22. f3 Rb7 23. Bf2 Nc6 24. Qc2 g6 25. Nh3 Bf8 26. Nf4 Kf7 27. Nh3 Kg8 28. Nf4
Rg7 29. Na4 Kf7 30. Nh3 h6 31. Be3 Rg8 32. Qc3 Bg7 33. Qc1 Bf8 34. Qc3 Nh7 35.
Rh1 Ke8 36. Qc1 g5 37. hxg5 hxg5 38. Rdd1 f4 39. Nxf4 gxf4 40. Bxf4 Qb7 41. Qe3
e5 42. Nc3 Nf6 43. Bg5 Qg7 44. f4 Be7 45. Bxf6 Qxf6 46. Nd5 Qg6 47. f5 Qxf5 48.
Rdf1 Qg5 49. Qf3 Kd7 50. Rh5 e4 0-1

[Event "DEM U18 2013"]
[Site "Oberhof GER"]
[Date "2013.05.21"]
[Round "5"]
[White "Gibicar, Danijel"]
[Black "Göbel, Constantin"]
[Result "1/2-1/2"]
[Termination "normal"]
[Board "5"]
[WhiteElo "2134"]
[BlackElo "2245"]
[PlyCount "49"]
[WhiteFideId "24660256"]
[BlackFideId "24647071"]
[EventCountry "GER"]
[EventRounds "9"]
[EventType "swiss"]
[EventDate "2013.05.18"]

1. d4 Nf6 2. c4 e6 3. Nf3 Bb4+ 4. Nbd2 d5 5. a3 Be7 6. g3 O-O 7. Bg2 b6 8. O-O
Bb7 9. cxd5 exd5 10. Ne5 Nfd7 11. Ndf3 f6 12. Nd3 Bd6 13. b4 Re8 14. Bf4 Nf8
15. Qc2 Ne6 16. Bxd6 Qxd6 17. e3 Nd7 18. a4 Rac8 19. Qb2 Rb8 20. Rfc1 c6 21.
Qa3 Rbc8 22. Rc3 Qe7 23. Rac1 g6 24. Qa2 Kg7 25. Nd2 1/2-1/2

[Event "DEM U18 2013"]
[Site "Oberhof GER"]
[Date "2013.05.21"]
[Round "5"]
[White "Stahnecker, Ludwig"]
[Black "Hacker, Jonas"]
[Result "1-0"]
[Termination "normal"]
[Board "6"]
[WhiteElo "2109"]
[BlackElo "1965"]
[PlyCount "65"]
[WhiteFideId "24692026"]
[BlackFideId "1270968"]
[EventCountry "GER"]
[EventRounds "9"]
[EventType "swiss"]
[EventDate "2013.05.18"]

1. e4 c5 2. Nf3 d6 3. d4 cxd4 4. Nxd4 Nf6 5. Nc3 g6 6. Be3 Bg7 7. Bc4 O-O 8. f3
Nc6 9. Qd2 Bd7 10. O-O-O Rc8 11. Bb3 Ne5 12. Kb1 Re8 13. h4 h5 14. Bh6 Nc4 15.
Bxc4 Rxc4 16. Bxg7 Kxg7 17. g4 hxg4 18. h5 Rh8 19. hxg6 fxg6 20. f4 e5 21. Rxh8
Qxh8 22. Nde2 Qf8 23. fxe5 dxe5 24. Qg5 Qe7 25. Ng3 Rd4 26. Rf1 Nd5 27. Nh5+
Kh7 28. Nf6+ Nxf6 29. Rxf6 Qe8 30. Rf1 Qe6 31. Rh1+ Kg7 32. Qh6+ Kf7 33. Rf1+
1-0

[Event "DEM U18 2013"]
[Site "Oberhof GER"]
[Date "2013.05.21"]
[Round "5"]
[White "Mundorf, Johannes"]
[Black "Kügel, Tobias"]
[Result "0-1"]
[Termination "normal"]
[Board "7"]
[WhiteElo "2216"]
[BlackElo "2067"]
[PlyCount "94"]
[WhiteFideId "24672491"]
[BlackFideId "4636295"]
[EventCountry "GER"]
[EventRounds "9"]
[EventType "swiss"]
[EventDate "2013.05.18"]

1. Nf3 Nf6 2. g3 d5 3. Bg2 g6 4. b3 Bg7 5. Bb2 b6 6. c4 e6 7. O-O Bb7 8. Qc2
O-O 9. Rd1 dxc4 10. bxc4 c5 11. d4 cxd4 12. Bxd4 Nbd7 13. Na3 Qe7 14. Qb2 Rfc8
15. Rac1 Nc5 16. Nb5 Rd8 17. h4 Bc6 18. Be5 Ne8 19. Bxg7 Nxg7 20. Ne5 Bxg2 21.
Kxg2 Ne8 22. f3 Qf6 23. Rxd8 Qxd8 24. Nc6 Qd7 25. Nbxa7 Rxa7 26. Nxa7 Qxa7 27.
h5 gxh5 28. Rd1 Nd7 29. Qb5 Nef6 30. a4 Qc7 31. a5 bxa5 32. Ra1 Ne5 33. Rxa5
Ng6 34. Qc5 Qd7 35. Ra7 Qd2 36. Qc8+ Nf8 37. Ra8 Qxe2+ 38. Kh3 Qf1+ 39. Kh4
Qh1+ 40. Kg5 N6d7 41. Qxd7 Qxf3 42. Rxf8+ Kxf8 43. Kh6 Qe3+ 44. Kxh5 Qxg3 45.
c5 h6 46. Qd6+ Qxd6 47. cxd6 Ke8 0-1

[Event "DEM U18 2013"]
[Site "Oberhof GER"]
[Date "2013.05.21"]
[Round "5"]
[White "Möhn, Hans"]
[Black "Rührmund, Daniel"]
[Result "1-0"]
[Termination "normal"]
[Board "8"]
[WhiteElo "2160"]
[BlackElo "2106"]
[PlyCount "55"]
[WhiteFideId "24647837"]
[BlackFideId "24674583"]
[EventCountry "GER"]
[EventRounds "9"]
[EventType "swiss"]
[EventDate "2013.05.18"]

1. e4 c5 2. Nf3 e6 3. d4 cxd4 4. Nxd4 a6 5. Bd3 Bc5 6. Nb3 Ba7 7. Qg4 Nf6 8.
Qg3 Nc6 9. Nc3 d6 10. Bg5 b5 11. O-O-O Ne5 12. f4 Neg4 13. Bxf6 Nxf6 14. e5 Nd5
15. Nxd5 exd5 16. Qxg7 Rf8 17. Rhe1 Bb6 18. exd6+ Kd7 19. Re7+ Kxd6 20. Qe5+
Kc6 21. Qc3+ Kd6 22. Qb4+ Kc6 23. a4 bxa4 24. Qxa4+ Kd6 25. Qb4+ Kc6 26. c4 Be6
27. cxd5+ Bxd5 28. Qc3+ 1-0